000 00945nam a2200241Ia 4500
999 _c38317
_d38317
003 GCL
005 20240530103312.0
008 140319s9999 xx 000 0 ara d
040 _aGCL /
_cGCL
082 0 4 _b793/
_bد م
110 1 _aدريوتون، اتيين
245 1 2 _aالمسرح المصرى القديم /
_cتاليف اتيين دريوتون ؛ ترجمة وتقديم ثروت عكاشة ؛ مراجعة عبدالمنعم ابوبكر
260 _aالقاهرة :
_bالهيئة المصرية العامة للكتاب،
_c1989.
300 _a178 ص
650 0 4 _aالمسرح
650 0 4 _aالفن المصرى القديم
650 0 4 _aالمسرحيات الدينية
650 0 4 _aالمسرحيات المصرية القديمة
650 0 4 _aالمسرح المصرى
700 0 _4ثروت عكاشة
_eمترجم ومقدم
700 0 _aعبدالمنعم ابوبكر
_eمراجع
942 _2ddc
_cBK